00365nam a22000977a 4500008004100000100004300041245011100084260002000195300003200215773002000247230314b ||||| |||| 00| 0 eng d aKizhakkeekalam, Baby and Jyothi. K.K.  aEducational attainment and social inclusion of marginalised section: A case study of Chittur black Kerala  aArtha Vijnana  a64(4), Dec, 2022: p.377-391 aArtha Vijnana